|
|
|
|
| LEADER |
00000nam0a2200000 4500 |
| 001 |
176645 |
| 005 |
20260408091442.0 |
| 010 |
|
|
|a 9785170607778
|
| 010 |
|
|
|a 978-5-271-244698
|
| 035 |
|
|
|a (RuTPU)RU\TPU\book\191537
|
| 090 |
|
|
|a 176645
|
| 100 |
|
|
|a 20100303d2010 m y0rusy50 ca
|
| 101 |
1 |
|
|a rus
|c fre
|
| 102 |
|
|
|a RU
|
| 105 |
|
|
|a y z 000ay
|
| 200 |
1 |
|
|a Просто вместе
|e [18+]
|e [НЕЗАКОННОЕ ПОТРЕБЛЕНИЕ НАРКОТИЧЕСКИХ СРЕДСТВ, ПСИХОТРОПНЫХ ВЕЩЕСТВ, ИХ АНАЛОГОВ ПРИЧИНЯЕТ ВРЕД ЗДОРОВЬЮ, ИХ НЕЗАКОННЫЙ ОБОРОТ ЗАПРЕЩЁН И ВЛЕЧЕТ УСТАНОВЛЕННУЮ ЗАКОНОДАТЕЛЬСТВОМ ОТВЕТСТВЕННОСТЬ]
|e роман
|f А. Гавальда
|
| 210 |
|
|
|a Москва
|c АСТ
|c Астрель
|d 2010
|
| 215 |
|
|
|a 573 с.
|
| 330 |
|
|
|a Анна Гавальда - одна из самых читаемых авторов мира. Ее называют «звездой французской словесности», «новой Франсуазой Саган», «нежным Уэльбеком», «литературным феноменом» и «главной французской сенсацией». Ее книги, покорившие миллионы читателей, переводятся на десятки языков, отмечены целым созвездием премий, по ним ставят спектакли и снимают фильмы.Роман «Просто вместе» - это мудрая и светлая книга о любви и одиночестве, о жизни, о счастье. Эта удивительная история, простыми словами рассказывающая о главном, легла в основу одноименного фильма Клода Берри с Одри Тоту в главной роли (2007).
|
| 610 |
1 |
|
|a французская литература
|
| 610 |
1 |
|
|a романы
|
| 610 |
1 |
|
|a любовь
|
| 675 |
|
|
|a 84
|v 3
|
| 700 |
|
1 |
|a Гавальда
|b А.
|g Анна
|
| 801 |
|
1 |
|a RU
|b 63413507
|c 20100303
|
| 801 |
|
2 |
|a RU
|b 63413507
|c 20100311
|g RCR
|
| 830 |
|
|
|a *изданиеподлежащеемаркировке
|
| 942 |
|
|
|c BK
|